[Event "FIDE Online Olympiad"]
[Site "Chess.com"]
[Date "2020.08.02"]
[EventDate "2020.07.31"]
[Round "7"]
[Result "1-0"]
[White "Catherine Kaslan"]
[Black "Taqesyah Marcos"]
[WhiteElo "1856"]
[BlackElo "1493"]
[PlyCount "91"]

1. e4 e5 2. Nf3 Nc6 3. d4 exd4 4. Nxd4 Nxd4 5. Qxd4 d6 6. Nc3
Nf6 7. Be2 Be7 8. O-O O-O 9. Bf4 Re8 10. Rfe1 Bd7 11. Rad1 c5
12. Qd2 Qb6 13. Bxd6 Bxd6 14. Qxd6 Qxd6 15. Rxd6 Bc6 16. f3
Rad8 17. Red1 Rxd6 18. Rxd6 a6 19. a4 h6 20. Kf2 Nd7 21. b3
Nf8 22. Bc4 Ng6 23. Rxg6 Rd8 24. Ke3 Kf8 25. Rg3 g6 26. Bd5
Bxd5 27. Nxd5 Rd6 28. f4 Ke8 29. c4 Kd7 30. e5 Re6 31. Ke4 Kc6
32. Rd3 b5 33. Nf6 Kc7 34. cxb5 axb5 35. axb5 Kb6 36. Rd6+
Rxd6 37. exd6 Kb7 38. Kd5 Kc8 39. Kxc5 Kd8 40. b6 Kc8 41. d7+
Kd8 42. b7 Kc7 43. d8=Q+ Kxb7 44. Qd7+ Ka8 45. Kb6 g5 46. Qc8#
1-0

[Event "FIDE Online Olympiad"]
[Site "Chess.com"]
[Date "2020.08.02"]
[EventDate "2020.07.31"]
[Round "8"]
[Result "1-0"]
[White "Jean Louis Marckens"]
[Black "Suradj Hanoeman"]
[WhiteElo "2053"]
[BlackElo "1983"]
[PlyCount "81"]

1. e4 d5 2. exd5 Nf6 3. Bb5+ Bd7 4. Bxd7+ Nbxd7 5. c4 Nb6
6. d3 g6 7. Nc3 Bg7 8. Be3 O-O 9. Nge2 Rc8 10. Qd2 c6 11. dxc6
Rxc6 12. O-O Rd6 13. Bxb6 axb6 14. d4 Qd7 15. Nb5 Rc6 16. b3
Rd8 17. Rad1 Qf5 18. Ng3 Qd7 19. Qe2 h5 20. d5 Rcc8 21. Rfe1
Re8 22. Qe3 h4 23. Ne4 Ng4 24. Qxb6 h3 25. gxh3 Ne5 26. Kg2
Qf5 27. Qe3 Qh5 28. Ng3 Qh4 29. Rd4 Qh8 30. Re4 f6 31. f4 Bh6
32. Qd4 Bg7 33. fxe5 fxe5 34. Qb6 Bf6 35. Qe6+ Kg7 36. Rxe5
Qh6 37. R5e2 Rh8 38. d6 Rce8 39. dxe7 Bxe7 40. Qg4 Rhf8
41. Rxe7+ 1-0

[Event "FIDE Online Olympiad"]
[Site "Chess.com"]
[Date "2020.08.02"]
[EventDate "2020.07.31"]
[Round "8"]
[Result "1-0"]
[White "Casanova Romario Sanches"]
[Black "Jude Mirvens Guillaume"]
[WhiteElo "1954"]
[BlackElo "2022"]
[PlyCount "147"]

1. e4 c5 2. Nf3 e6 3. d4 cxd4 4. Nxd4 Nf6 5. Nc3 d6 6. Be2 Nc6
7. Nb3 a6 8. Be3 Be7 9. O-O O-O 10. a4 Qc7 11. a5 Nd7 12. f4
Nc5 13. Nxc5 dxc5 14. e5 Rd8 15. Qe1 Nd4 16. Bd3 Bd7 17. Qg3
Nf5 18. Bxf5 exf5 19. Nd5 Qb8 20. Nxe7+ Kh8 21. c4 Be6 22. Nd5
Bxd5 23. cxd5 Rxd5 24. Rfd1 Qd8 25. Qf3 Rxd1+ 26. Rxd1 Qxa5
27. Qxb7 Rf8 28. Qe7 Kg8 29. Qxc5 Qa4 30. Qd4 Qa5 31. h3 h6
32. Qc3 Qa4 33. Rd6 Rb8 34. Kh2 Qa2 35. Qd3 Rxb2 36. Rd8+ Kh7
37. Qxf5+ g6 38. Qe4 a5 39. Qd5 Qxd5 40. Rxd5 a4 41. Ra5 Rb4
42. Ra8 Kg7 43. Bd2 Rc4 44. Ra7 Kf8 45. f5 gxf5 46. Bxh6+ Ke8
47. Bg5 f4 48. Bf6 Rc2 49. Re7+ Kf8 50. Rd7 Kg8 51. Rd3 Re2
52. h4 Kh7 53. Rf3 Re4 54. Kh3 Kg6 55. Kg4 Rb4 56. h5+ Kh7
57. Rxf4 Rb2 58. Rxa4 Rxg2+ 59. Kh3 Rg1 60. Ra8 Rh1+ 61. Kg4
Rg1+ 62. Kf3 Rg8 63. Rxg8 Kxg8 64. h6 Kh7 65. Bg7 Kg6 66. Kf4
Kh7 67. Bf8 Kg6 68. Kg4 Kh7 69. Kg5 Kh8 70. Ba3 Kh7 71. Kf6
Kg8 72. h7+ Kh8 73. Kxf7 Kxh7 74. e6 1-0

[Event "FIDE Online Olympiad"]
[Site "Chess.com"]
[Date "2020.08.02"]
[EventDate "2020.07.31"]
[Round "8"]
[Result "1-0"]
[White "Alexandra Kaslan"]
[Black "Theophane Paul"]
[WhiteElo "1435"]
[BlackElo "1493"]
[PlyCount "127"]

1. d4 d5 2. Nf3 e6 3. Bf4 c6 4. e3 Nf6 5. Bd3 Nbd7 6. Nbd2 Be7
7. Ne5 O-O 8. Ndf3 Re8 9. Ng5 Nxe5 10. dxe5 Ne4 11. Nxe4 dxe4
12. Bxe4 Qb6 13. O-O f5 14. exf6 Bxf6 15. Bxh7+ Kf8 16. Bd6+
Re7 17. Bxe7+ Kxe7 18. Rb1 Bd7 19. Qd3 Rd8 20. Qa3+ Kf7
21. Qd3 Qc7 22. Qg6+ Ke7 23. f4 Be8 24. Qg3 a6 25. Rfd1 Bf7
26. Rxd8 Qxd8 27. Qf3 Qh8 28. Be4 Qh5 29. Qxh5 Bxh5 30. h3 Be8
31. g4 g5 32. c3 gxf4 33. exf4 Bh4 34. Kg2 Bf7 35. a3 Kf6
36. Kf3 Ke7 37. Rf1 Be8 38. Ke3 Kd7 39. Kd4 Bf6+ 40. Kc5 Be7+
41. Kb6 Kc8 42. f5 e5 43. f6 Bd6 44. f7 Bd7 45. f8=R+ Bxf8
46. Rxf8+ Be8 47. Bg6 Kd7 48. Rxe8 e4 49. Rxe4 c5 50. Kxb7 a5
51. Kb6 c4 52. Kxa5 Kd6 53. Rxc4 Ke5 54. Rc5+ Kf6 55. b4 Ke6
56. b5 Kd6 57. Rg5 Ke6 58. b6 Kf6 59. Rc5 Kxg6 60. b7 Kf6
61. b8=Q Ke6 62. Qb6+ Kd7 63. Rc7+ Ke8 64. Qb8# 1-0

[Event "FIDE Online Olympiad"]
[Site "Chess.com"]
[Date "2020.08.02"]
[EventDate "2020.07.31"]
[Round "8"]
[Result "1-0"]
[White "Angelo Etienne"]
[Black "Imaan Kalidjo"]
[WhiteElo "1995"]
[BlackElo "1692"]
[PlyCount "105"]

1. d4 Nf6 2. c4 e6 3. Nf3 b6 4. Qd3 Bb7 5. a3 d5 6. Nc3 Nbd7
7. Bg5 Be7 8. e3 c6 9. Be2 Rc8 10. O-O O-O 11. Rac1 c5
12. Rfd1 cxd4 13. Qxd4 Nc5 14. Qh4 Nb3 15. Rc2 a6 16. Bd3 h6
17. Bxh6 gxh6 18. Qxh6 Nc5 19. Ng5 Nxd3 20. Rxd3 Qc7 21. e4
Qe5 22. Rg3 Rfd8 23. Nh7+ Qxg3 24. Nxf6+ Bxf6 25. hxg3 Bxc3
26. Rxc3 dxe4 27. g4 Rd3 28. Rc1 Rcd8 29. g5 Rd1+ 30. Rxd1
Rxd1+ 31. Kh2 Rd6 32. g6 fxg6 33. Qxg6+ Kf8 34. Qh6+ Ke8
35. Qh8+ Kd7 36. Qc3 Rd3 37. Qe5 Rd2 38. Kg3 Rd3+ 39. Kh4 Rd1
40. g4 Rf1 41. g5 Rh1+ 42. Kg3 Rg1+ 43. Kh2 Rg4 44. Qf6 e3
45. fxe3 Rxc4 46. g6 Rc2+ 47. Kh3 Be4 48. g7 Bf5+ 49. Qxf5
exf5 50. g8=Q Kc6 51. Qe6+ Kb7 52. Qd5+ Kc7 53. Qxf5 1-0

[Event "FIDE Online Olympiad"]
[Site "Chess.com"]
[Date "2020.08.02"]
[EventDate "2020.07.31"]
[Round "8"]
[Result "1-0"]
[White "Catherine Kaslan"]
[Black "Merisena Cadeau"]
[WhiteElo "1856"]
[BlackElo "1439"]
[PlyCount "131"]

1. e4 c5 2. Nf3 Nc6 3. d4 cxd4 4. Nxd4 d6 5. c4 e6 6. Nc3 Nf6
7. Be2 a6 8. Be3 Be7 9. O-O Bd7 10. Qd2 Qc7 11. Rfc1 O-O
12. f3 Rac8 13. Rab1 Rfd8 14. b4 Nxd4 15. Bxd4 Qb8 16. Bb6 Re8
17. a3 h6 18. b5 a5 19. Be3 b6 20. Na4 Bd8 21. Rd1 d5 22. cxd5
exd5 23. Bf4 Qb7 24. e5 Nh5 25. Rbc1 Rxc1 26. Qxc1 Nxf4
27. Qxf4 Bc7 28. Qd4 Bxe5 29. Qxd5 Qxd5 30. Rxd5 Bc8 31. Nxb6
Bb7 32. Rd7 Bd4+ 33. Rxd4 Rxe2 34. Kf1 Re7 35. Nc4 Rc7
36. Nxa5 Rc1+ 37. Kf2 Rc2+ 38. Kg3 Rc7 39. Nxb7 Rxb7 40. a4
Kf8 41. Rd6 Ke7 42. Rc6 Kd7 43. Rc4 g5 44. h4 gxh4+ 45. Kxh4
Rb6 46. g4 Kd6 47. Rc6+ Rxc6 48. bxc6 Kxc6 49. Kh5 Kb6
50. Kxh6 Ka5 51. Kg7 f5 52. gxf5 Kxa4 53. f6 Kb5 54. f7 Kc6
55. f8=Q Kd7 56. Kf7 Kc7 57. Ke6 Kc6 58. Qd6+ Kb5 59. Qc7 Kb4
60. Kd5 Kb3 61. Kd4 Kb2 62. Kd3 Kb1 63. Kd2 Ka1 64. Qb6 Ka2
65. Kc2 Ka3 66. Qb3# 1-0

[Event "FIDE Online Olympiad"]
[Site "Chess.com"]
[Date "2020.08.02"]
[EventDate "2020.07.31"]
[Round "8"]
[Result "1-0"]
[White "Rurik Capella"]
[Black "Tondo James"]
[WhiteElo "1952"]
[BlackElo "1855"]
[PlyCount "133"]

1. e4 c5 2. Nf3 d6 3. d4 cxd4 4. Nxd4 Nf6 5. Nc3 g6 6. Be2 Bg7
7. h4 h5 8. Be3 Nc6 9. Qd2 O-O 10. f3 Nxd4 11. Bxd4 Be6
12. O-O-O Qa5 13. Kb1 Rfc8 14. a3 Rab8 15. Nb5 Qxd2 16. Rxd2
a6 17. Bxf6 Bxf6 18. Nd4 Bc4 19. c3 b5 20. g4 hxg4 21. fxg4 a5
22. h5 Bg5 23. Rdd1 e5 24. Bxc4 exd4 25. Ba2 dxc3 26. bxc3 Kg7
27. hxg6 fxg6 28. Rxd6 Rc7 29. e5 Bf4 30. Ra6 Bxe5 31. Re1
Bxc3 32. Ree6 Rh8 33. Rxg6+ Kf8 34. Ra8+ Ke7 35. Rxh8 Bxh8
36. Rh6 Bg7 37. Rh7 Kf6 38. Rh5 Rc3 39. Rxb5 Rxa3 40. Kb2 Ra4
41. Kb3 Rxg4 42. Rxa5 Rg3+ 43. Kc4 Rg4+ 44. Kb5 Rg5+ 45. Ka6
Rg1 46. Bc4 Ke7 47. Rb5 Bd4 48. Rb7+ Kd6 49. Rh7 Ra1+ 50. Kb5
Ra7 51. Rh6+ Ke5 52. Rh5+ Kf4 53. Rh4+ Ke3 54. Rh3+ Kd2
55. Rd3+ Kc2 56. Rxd4 Rb7+ 57. Kc6 Rb8 58. Be6 Kc3 59. Rc4+
Kd3 60. Ra4 Rh8 61. Kd6 Rd8+ 62. Ke5 Kc3 63. Rh4 Rd1 64. Rc4+
Kd3 65. Rd4+ Kc2 66. Bb3+ Kxb3 67. Rxd1 1-0

[Event "FIDE Online Olympiad"]
[Site "Chess.com"]
[Date "2020.08.02"]
[EventDate "2020.07.31"]
[Round "8"]
[Result "1-0"]
[White "Lubov Bobrova"]
[Black "Dzidzor Esi Dotse"]
[WhiteElo "1403"]
[BlackElo "1120"]
[PlyCount "87"]

1. d4 d5 2. c4 c6 3. Nc3 Nf6 4. Nf3 Bf5 5. e3 e6 6. Bd3 Bxd3
7. Qxd3 Be7 8. O-O O-O 9. e4 h6 10. e5 Nh7 11. cxd5 cxd5
12. a3 Nc6 13. b4 Qb6 14. Be3 Rfc8 15. Rac1 Bg5 16. Nxg5 Nxg5
17. Na4 Qd8 18. Nc5 b6 19. Nb7 Qe7 20. Nd6 Rc7 21. f4 Nh7
22. f5 f6 23. Nb5 Rcc8 24. fxe6 Qxe6 25. exf6 Nxf6 26. Bf4 a5
27. Nc7 Qe4 28. Qxe4 Nxe4 29. Nxa8 Rxa8 30. Rxc6 axb4 31. axb4
b5 32. Rb6 Nc3 33. Bd2 Ne2+ 34. Kh1 Nxd4 35. h3 Re8 36. Bc3
Ne2 37. Re1 Kf8 38. Rf1+ Kg8 39. Rf3 g5 40. Rxb5 Nf4 41. Rb7
Rd8 42. Bd4 h5 43. Rg7+ Kf8 44. Rxg5 1-0

[Event "FIDE Online Olympiad"]
[Site "Chess.com"]
[Date "2020.08.02"]
[EventDate "2020.07.31"]
[Round "8"]
[Result "1-0"]
[White "Mark Machin Rivera"]
[Black "Baha Miswadah"]
[WhiteElo "2323"]
[BlackElo "1964"]
[PlyCount "79"]

1. c4 Nf6 2. g3 e6 3. Bg2 d5 4. Nf3 Be7 5. O-O O-O 6. d4 b6
7. Nc3 Bb7 8. b3 Nbd7 9. e3 Bb4 10. Bb2 Bxc3 11. Bxc3 Ne4
12. Bb2 f5 13. Ne1 Qg5 14. Nd3 Qh6 15. Qe2 Ndf6 16. f3 Ng5
17. Nf4 Rae8 18. Ba3 Rf7 19. h4 e5 20. dxe5 Rxe5 21. hxg5 Qxg5
22. Qf2 dxc4 23. bxc4 c5 24. Rfe1 Rfe7 25. Bb2 Nd7 26. Bxe5
Nxe5 27. Nd5 Bxd5 28. f4 Qf6 29. fxe5 Qxe5 30. cxd5 g6
31. Rad1 Qd6 32. e4 Re5 33. Qf4 c4 34. exf5 Qc5+ 35. Qf2 Qxf2+
36. Kxf2 Rxf5+ 37. Kg1 c3 38. d6 Rf8 39. d7 c2 40. Rc1 1-0

[Event "FIDE Online Olympiad"]
[Site "Chess.com"]
[Date "2020.08.02"]
[EventDate "2020.07.31"]
[Round "8"]
[Result "1-0"]
[White "Danitza Vazquez Maccarini"]
[Black "Rahaf Faqeeh"]
[WhiteElo "2014"]
[BlackElo "1444"]
[PlyCount "93"]

1. e4 e6 2. d4 d5 3. Nd2 Nf6 4. e5 Nfd7 5. Bd3 c5 6. c3 Nc6
7. Ne2 Qb6 8. Nf3 cxd4 9. cxd4 Nb4 10. Bb1 Qc7 11. O-O Be7
12. a3 Nc6 13. Ng3 O-O 14. Qd3 f5 15. exf6 Nxf6 16. Bg5 g6
17. Nh4 Ng4 18. Nxg6 Bxg5 19. Nxf8 Kxf8 20. Qf3+ Nf6 21. Rd1
Qf7 22. Bc2 Bd7 23. b4 Ke7 24. Ra2 h5 25. Qe2 a6 26. Nf5+ Kd8
27. Nd6 Qg7 28. Nxb7+ Kc7 29. Nc5 Rg8 30. Nxe6+ Bxe6 31. Qxe6
Bf4 32. g3 h4 33. Ba4 hxg3 34. Qxc6+ Kd8 35. Qa8+ Ke7 36. Qb7+
Kf8 37. Qxg7+ Rxg7 38. hxg3 Ne4 39. Rc2 Bd6 40. Kg2 Bxg3
41. fxg3 Rxg3+ 42. Kh2 Rxa3 43. Bc6 Rb3 44. Bxd5 Rxb4 45. Bxe4
a5 46. Rc7 Rb2+ 47. Kg3 1-0

[Event "FIDE Online Olympiad"]
[Site "Chess.com"]
[Date "2020.08.02"]
[EventDate "2020.07.31"]
[Round "8"]
[Result "1-0"]
[White "Manuel Alberto"]
[Black "Mikhail Strovsky"]
[WhiteElo "2106"]
[BlackElo "1939"]
[PlyCount "101"]

1. e4 e5 2. Nf3 Nf6 3. Nxe5 d6 4. Nf3 Nxe4 5. Nc3 Nxc3 6. dxc3
Be7 7. Be3 Nc6 8. Bd3 Bg4 9. Qd2 O-O 10. O-O-O Ne5 11. Be2
Nxf3 12. gxf3 Bh5 13. Rdg1 Bg6 14. h4 Bxh4 15. f4 Bf6 16. Qd5
c6 17. Qf3 Qa5 18. a3 Qd5 19. Qh3 Qf5 20. Bd3 Qxh3 21. Rxh3
Bxd3 22. cxd3 d5 23. f5 Rfe8 24. d4 Re4 25. Rh6 Kh8 26. Rh5
Rae8 27. Rgh1 h6 28. Kd2 Kg8 29. Rg1 Kf8 30. Kd3 Rh4 31. Rxh4
Bxh4 32. Rg2 Bf6 33. Bf4 Ke7 34. Be5 Rd8 35. f4 Bxe5 36. fxe5
Kf8 37. Ke3 b6 38. Kf4 Rd7 39. e6 fxe6 40. fxe6 Re7 41. Ke5
Ke8 42. Kd6 c5 43. Kxd5 cxd4 44. cxd4 Rb7 45. Kd6 g5 46. Rc2
Kd8 47. Rf2 Ke8 48. Rf6 Rh7 49. Rg6 Rh8 50. Rg7 Kd8 51. Rxa7
1-0

[Event "FIDE Online Olympiad"]
[Site "Chess.com"]
[Date "2020.08.02"]
[EventDate "2020.07.31"]
[Round "8"]
[Result "1-0"]
[White "Domingos Junior"]
[Black "Kossi Thierry Egbe"]
[WhiteElo "1874"]
[BlackElo "1532"]
[PlyCount "57"]

1. e4 d5 2. exd5 Nf6 3. d4 Nxd5 4. c4 Nf6 5. Nc3 e6 6. Nf3 Bb4
7. Bd3 Nc6 8. a3 Be7 9. Be3 b6 10. Qa4 Bd7 11. Qc2 Bc8 12. Rd1
Ba6 13. Qa4 Qd7 14. Qxa6 O-O 15. Ne5 Qe8 16. Nxc6 Qxc6 17. d5
exd5 18. cxd5 Qd7 19. O-O Nxd5 20. Nxd5 Bd6 21. Bf4 Bxf4
22. Nf6+ gxf6 23. Bxh7+ Kxh7 24. Rxd7 Rh8 25. Qc4 Rhf8
26. Qxf4 Kg6 27. Qg4+ Kh6 28. Rd3 Rg8 29. Rh3# 1-0

[Event "FIDE Online Olympiad"]
[Site "Chess.com"]
[Date "2020.08.02"]
[EventDate "2020.07.31"]
[Round "9"]
[Result "1-0"]
[White "Merisena Cadeau"]
[Black "Ivana Claudia Eyram De Souza"]
[WhiteElo "1439"]
[BlackElo "1117"]
[PlyCount "77"]

1. e4 e5 2. Nf3 Nc6 3. Bc4 Nf6 4. Nc3 Bc5 5. O-O d6 6. h3 a6
7. a3 Be6 8. Nd5 Nxe4 9. d3 Nf6 10. Bg5 h6 11. Bh4 g5
12. Nxf6+ Qxf6 13. Bg3 h5 14. Bxe6 fxe6 15. b4 Bb6 16. Nd2 g4
17. h4 Nd4 18. Ne4 Qe7 19. c3 Nf5 20. c4 Nxg3 21. Nxg3 Qxh4
22. c5 dxc5 23. bxc5 Bxc5 24. Qa4+ c6 25. Qc4 Ke7 26. Qxc5+
Kf6 27. Ne4+ Kf5 28. Nd6+ Kf6 29. g3 Qg5 30. Ne4+ Kf5 31. Nxg5
Kxg5 32. Qxe5+ Kh6 33. Qxe6+ Kg7 34. Rae1 Rae8 35. Qd7+ Kg6
36. Rxe8 Rxe8 37. Qxe8+ Kg7 38. Qd7+ Kh6 39. Qxb7 1-0

[Event "FIDE Online Olympiad"]
[Site "Chess.com"]
[Date "2020.08.02"]
[EventDate "2020.07.31"]
[Round "9"]
[Result "1-0"]
[White "Jemima Paulo"]
[Black "Hamouri Taqwa"]
[WhiteElo "1599"]
[BlackElo "1040"]
[PlyCount "79"]

1. c4 Nf6 2. Nc3 g6 3. g3 Bg7 4. Nf3 d6 5. Bg2 c6 6. O-O O-O
7. d3 e5 8. h3 Nbd7 9. Bd2 a5 10. Rc1 Nc5 11. Na4 Nfd7 12. Be3
f5 13. Nxc5 Nxc5 14. Bxc5 dxc5 15. Qb3 h6 16. Rfd1 Qc7 17. e3
Be6 18. d4 cxd4 19. exd4 e4 20. Nh4 Bf7 21. d5 Rad8 22. Bf1 c5
23. Ng2 g5 24. Qc2 Qe5 25. Rb1 Bg6 26. h4 Qf6 27. hxg5 hxg5
28. Qc3 Qb6 29. Qd2 f4 30. gxf4 gxf4 31. Nxf4 e3 32. fxe3 Bxb1
33. Rxb1 Bh6 34. Qg2+ Kh7 35. Bd3+ Kh8 36. Ng6+ Kg7 37. Nxf8+
Kxf8 38. Qe4 Re8 39. Rf1+ Kg7 40. Qh7# 1-0

[Event "FIDE Online Olympiad"]
[Site "Chess.com"]
[Date "2020.08.02"]
[EventDate "2020.07.31"]
[Round "9"]
[Result "1-0"]
[White "Natasha Morales Santos"]
[Black "Lubov Bobrova"]
[WhiteElo "1720"]
[BlackElo "1403"]
[PlyCount "113"]

1. d4 c6 2. c4 d5 3. Nc3 e6 4. Nf3 Nf6 5. Bg5 Be7 6. e3 Nbd7
7. Bd3 dxc4 8. Bxc4 Nd5 9. Bxe7 Qxe7 10. Nxd5 exd5 11. Bd3 Nf6
12. Qc2 Be6 13. O-O O-O 14. Rab1 Rfe8 15. b4 a6 16. a4 Rac8
17. Rfc1 g6 18. Qc5 Nd7 19. Qxe7 Rxe7 20. Kf1 Nb6 21. a5 Nd7
22. Nd2 Nf6 23. Nb3 Rec7 24. Nc5 Kg7 25. f3 Nd7 26. Nxb7 Rxb7
27. Bxa6 Rbc7 28. Bxc8 Rxc8 29. b5 Nb8 30. a6 cxb5 31. Rxc8
Bxc8 32. a7 Bf5 33. Rb3 Nd7 34. a8=Q Nb6 35. Qb8 Nc4 36. Rxb5
Nxe3+ 37. Kf2 Nc4 38. Rxd5 Be6 39. Rc5 h5 40. Rxc4 Bxc4
41. Qe5+ Kg8 42. d5 Kf8 43. d6 Be6 44. Qb5 Bf5 45. d7 Ke7
46. Ke3 Bxd7 47. Qe5+ Be6 48. Kf4 Kd7 49. Kg5 Ke7 50. f4 Kd7
51. Kf6 h4 52. g3 hxg3 53. hxg3 Kd8 54. Qd6+ Kc8 55. Qxe6+
fxe6 56. Kxe6 Kd8 57. Kf6 1-0

[Event "FIDE Online Olympiad"]
[Site "Chess.com"]
[Date "2020.08.02"]
[EventDate "2020.07.31"]
[Round "9"]
[Result "1-0"]
[White "Rassoul Diarra"]
[Black "Carlos Rodriguez Rosich"]
[WhiteElo "1701"]
[BlackElo "1389"]
[PlyCount "93"]

1. e4 c5 2. Nf3 d6 3. d4 cxd4 4. Nxd4 Nf6 5. Nc3 g6 6. f4 Nc6
7. h3 Bg7 8. Be3 Bd7 9. Qf3 a6 10. O-O-O b5 11. a3 Rb8 12. e5
Nxd4 13. Bxd4 dxe5 14. fxe5 Ng8 15. Kb1 Qc7 16. e6 Nf6
17. exd7+ Kd8 18. Bxf6 Bxf6 19. Nd5 Qe5 20. Nxf6 exf6 21. Bd3
b4 22. Rhe1 Qd4 23. Re4 Qd6 24. axb4 f5 25. Rc4 a5 26. b5 f6
27. Bxf5 Qe5 28. Rc8+ Ke7 29. Qa3+ Kf7 30. Rxh8 Rxh8 31. d8=Q
Rxd8 32. Rxd8 Qe1+ 33. Ka2 gxf5 34. Qf8+ Kg6 35. Qe8+ Qxe8
36. Rxe8 Kg5 37. b6 Kh4 38. b7 Kg3 39. Rg8+ Kf2 40. b8=Q Ke3
41. Qg3+ Ke4 42. Re8+ Kd5 43. Qd3+ Kc5 44. Rc8+ Kb6 45. Qb3+
Ka7 46. Qb8+ Ka6 47. Rc6# 1-0

[Event "FIDE Online Olympiad"]
[Site "Chess.com"]
[Date "2020.08.02"]
[EventDate "2020.07.31"]
[Round "9"]
[Result "1-0"]
[White "John Kojo Hasford"]
[Black "Rurik Capella"]
[WhiteElo "1965"]
[BlackElo "1952"]
[PlyCount "105"]

1. d4 Nf6 2. Nf3 g6 3. c4 Bg7 4. Nc3 d6 5. Bf4 O-O 6. e3 Nbd7
7. Be2 c6 8. O-O h6 9. h3 a6 10. Rc1 b5 11. d5 Bb7 12. dxc6
Bxc6 13. cxb5 Bxb5 14. Bxb5 axb5 15. a3 Qb6 16. e4 b4 17. Be3
Qb7 18. axb4 Qxb4 19. Qd2 Nxe4 20. Nxe4 Qxe4 21. Bxh6 Ne5
22. Bxg7 Kxg7 23. Nxe5 Qxe5 24. Rfe1 Qf6 25. b4 Rab8 26. Re4
Rb5 27. Rce1 e5 28. f4 exf4 29. Rxf4 Rf5 30. Rxf5 Qxf5
31. Qxd6 Rc8 32. Qe5+ Qxe5 33. Rxe5 Rb8 34. b5 Kf6 35. Rc5 Ke6
36. Kf2 Kd6 37. Rg5 Ke6 38. Ke3 f6 39. Rc5 Kd6 40. Kd4 Ra8
41. Rc6+ Ke7 42. Kc5 Ra2 43. b6 Rxg2 44. b7 Rc2+ 45. Kb6 Rb2+
46. Kc7 g5 47. b8=Q Rxb8 48. Kxb8 Kf7 49. Kc7 Kg6 50. Kd6 Kh5
51. Ke6 f5 52. Kxf5 Kh4 53. Rh6+ 1-0

[Event "FIDE Online Olympiad"]
[Site "Chess.com"]
[Date "2020.08.02"]
[EventDate "2020.07.31"]
[Round "9"]
[Result "1-0"]
[White "Ailen Oriana Mena"]
[Black "Christiana Naa Merley Ashley"]
[WhiteElo "1561"]
[BlackElo "1299"]
[PlyCount "107"]

1. e4 e5 2. Nf3 Nc6 3. Bb5 Bc5 4. O-O Nf6 5. d3 O-O 6. Bg5 Be7
7. c3 d5 8. Bxc6 bxc6 9. Nxe5 Qd6 10. Bf4 dxe4 11. Ng6 Qxd3
12. Nxe7+ Kh8 13. Nxc6 Qxd1 14. Rxd1 Bb7 15. Nd4 Rad8 16. Bxc7
Rd7 17. Bf4 Nh5 18. Be3 Rfd8 19. Na3 h6 20. Nc4 g5 21. Ne5 Re7
22. Nec6 Bxc6 23. Nxc6 Rxd1+ 24. Rxd1 Rb7 25. Rd8+ Kh7 26. Rb8
Rc7 27. Nxa7 Rd7 28. Bd4 Nf4 29. Rh8+ Kg6 30. Rg8+ Kf5 31. Nc6
Ne2+ 32. Kf1 Nf4 33. g3 Ne6 34. Ke2 Rb7 35. b4 Rc7 36. b5
Nxd4+ 37. Nxd4+ Ke5 38. Re8+ Kd5 39. Kd2 Ra7 40. Ke3 Rxa2
41. Rxe4 Rb2 42. Re8 Kc5 43. Rc8+ Kd6 44. Rc6+ Kd7 45. Rxh6
Rb1 46. b6 Re1+ 47. Kd2 Rb1 48. c4 Rb2+ 49. Ke3 Rb1 50. c5
Re1+ 51. Kd2 Rb1 52. c6+ Ke7 53. Nf5+ Kf8 54. Rh8# 1-0

[Event "FIDE Online Olympiad"]
[Site "Chess.com"]
[Date "2020.08.02"]
[EventDate "2020.07.31"]
[Round "9"]
[Result "1-0"]
[White "Viresh Giasi"]
[Black "Jacob Jallah"]
[WhiteElo "1984"]
[BlackElo "1901"]
[PlyCount "149"]

1. e4 e5 2. Nf3 Nc6 3. Bc4 h6 4. d4 exd4 5. Nxd4 Qf6 6. Nb5
Kd8 7. O-O a6 8. N5c3 Qd4 9. Bxf7 Qxd1 10. Rxd1 Nf6 11. Bf4
Bc5 12. Nd5 d6 13. Nxf6 gxf6 14. Nc3 Ke7 15. Bb3 Be6 16. Bxe6
Kxe6 17. Nd5 Rac8 18. c3 h5 19. a4 a5 20. Rab1 Ne5 21. b4 axb4
22. cxb4 Ba7 23. Bxe5 fxe5 24. b5 Bc5 25. a5 c6 26. Nb6 Bxb6
27. axb6 c5 28. Ra1 Rh7 29. f3 h4 30. Kf2 Rg7 31. Ra7 Rcg8
32. Rg1 Rf7 33. g3 Rgf8 34. Ra3 Rg7 35. gxh4 Rxg1 36. Kxg1 Rf4
37. Kg2 Rxh4 38. Kg3 Rh7 39. h4 d5 40. exd5+ Kxd5 41. Ra8 Rg7+
42. Kf2 Kc4 43. Rc8 Rg6 44. Re8 Rh6 45. Kg3 Kxb5 46. Rxe5 Kxb6
47. Kg4 c4 48. h5 c3 49. Kg5 Rc6 50. Re1 c2 51. Rc1 Kb5 52. h6
Kb4 53. h7 Rc8 54. Rxc2 Rxc2 55. h8=Q b5 56. f4 Kb3 57. Qa1 b4
58. f5 Kc4 59. Qa6+ Kc3 60. Qc6+ Kd2 61. Qg2+ Kc3 62. Qd5 b3
63. f6 b2 64. Qc5+ Kd2 65. Qb5 Rc5+ 66. Qxc5 b1=Q 67. Qd6+ Kc3
68. Qe5+ Kc4 69. Qe6+ Kc3 70. Qc6+ Kd4 71. f7 Qg1+ 72. Kf6
Qf2+ 73. Ke7 Qe3+ 74. Qe6 Qg5+ 75. Qf6+ 1-0

[Event "FIDE Online Olympiad"]
[Site "Chess.com"]
[Date "2020.08.02"]
[EventDate "2020.07.31"]
[Round "9"]
[Result "1-0"]
[White "Tondo James"]
[Black "Casanova Romario Sanches"]
[WhiteElo "1855"]
[BlackElo "1954"]
[PlyCount "111"]

1. e4 g6 2. d4 Bg7 3. c4 d6 4. Nc3 Nc6 5. Be3 Nf6 6. f3 O-O
7. Qd2 e5 8. Nge2 a6 9. O-O-O Rb8 10. d5 Ne7 11. g4 b5
12. cxb5 axb5 13. Ng3 Bd7 14. b4 Qc8 15. Kb2 Qa6 16. h4 Ra8
17. a4 Qb7 18. a5 Ne8 19. h5 c5 20. dxc6 Nxc6 21. Nd5 Be6
22. hxg6 fxg6 23. Bh6 Bxd5 24. Qxd5+ Kh8 25. Bxg7+ Kxg7
26. Bxb5 Nxa5 27. bxa5 Qxd5 28. Rxd5 Rxa5 29. Bxe8 Rxd5
30. exd5 Rxe8 31. Ne4 Rf8 32. Rh3 Rb8+ 33. Kc3 h6 34. Kc4 Rc8+
35. Kb5 h5 36. gxh5 gxh5 37. Rxh5 Kg6 38. Rg5+ Kh6 39. Rf5
Rb8+ 40. Kc6 Rb4 41. Kxd6 Kg6 42. Kxe5 Rb5 43. Rf6+ Kg7 44. f4
Rb4 45. f5 Ra4 46. Ng5 Ra1 47. Ne6+ Kg8 48. Rf8+ Kh7 49. d6
Re1+ 50. Kf6 Rd1 51. Rf7+ Kg8 52. d7 Rd6 53. d8=Q+ Rxd8
54. Nxd8 Kh8 55. Kg6 Kg8 56. Ne6 1-0

[Event "FIDE Online Olympiad"]
[Site "Chess.com"]
[Date "2020.08.02"]
[EventDate "2020.07.31"]
[Round "7"]
[Result "1-0"]
[White "Alan-Safar Ramoutar"]
[Black "Philip Hanna Jr"]
[WhiteElo "1611"]
[BlackElo "1734"]
[PlyCount "49"]

1. e4 c5 2. Nc3 Nc6 3. Bb5 Nd4 4. Nf3 Nxb5 5. Nxb5 g6 6. d4
Qa5+ 7. Nc3 Bg7 8. e5 cxd4 9. Qxd4 Nh6 10. Bxh6 Bxh6 11. O-O
O-O 12. Qh4 Bg7 13. Qxe7 b6 14. b4 Qa3 15. Nb5 Qb2 16. Nd6 Ba6
17. b5 Bc8 18. Rfe1 a6 19. Ng5 axb5 20. Ndxf7 Qa3 21. Nh6+ Kh8
22. Ngf7+ Rxf7 23. Nxf7+ Kg8 24. Nd6 Ba6 25. Qxd7 1-0

[Event "FIDE Online Olympiad"]
[Site "Chess.com"]
[Date "2020.08.02"]
[EventDate "2020.07.31"]
[Round "7"]
[Result "1-0"]
[White "Sean Yearwood"]
[Black "Avian Pride"]
[WhiteElo "1678"]
[BlackElo "1208"]
[PlyCount "107"]

1. e4 e5 2. Nf3 d6 3. Bc4 Bg4 4. h3 Bxf3 5. Qxf3 Qf6 6. Qb3 b6
7. Nc3 Be7 8. Nd5 Qg6 9. Nxc7+ Kd8 10. Nxa8 Qxg2 11. Rf1 Qxe4+
12. Be2 Qg2 13. Qf3 Qg6 14. Qb7 Nd7 15. Qc7+ Ke8 16. Qc8+ Bd8
17. Nc7+ Ke7 18. Nd5+ Ke8 19. Ne3 Ne7 20. Qc4 f6 21. Qg4 Qxg4
22. Bxg4 Nc5 23. d3 d5 24. Nf5 Nxf5 25. Bxf5 b5 26. Be3 Ba5+
27. c3 d4 28. Bd2 dxc3 29. bxc3 g6 30. Be4 f5 31. Bc6+ Ke7
32. Bxb5 Rb8 33. c4 Nxd3+ 34. Ke2 Bxd2 35. Kxd2 Nf4 36. h4
Rd8+ 37. Kc2 Ng2 38. Rad1 Rxd1 39. Rxd1 Nxh4 40. Rd7+ Kf6
41. c5 Nf3 42. c6 Nd4+ 43. Rxd4 exd4 44. c7 h5 45. c8=Q h4
46. Qd8+ Ke5 47. Qxh4 f4 48. Kd3 Kf5 49. Bd7+ Ke5 50. Qe7+ Kd5
51. Qe6+ Kc5 52. Qc6+ Kb4 53. Qb5+ Ka3 54. Qb3# 1-0

[Event "FIDE Online Olympiad"]
[Site "Chess.com"]
[Date "2020.08.02"]
[EventDate "2020.07.31"]
[Round "7"]
[Result "1-0"]
[White "Nahun Gavarrete"]
[Black "Malik Curriah"]
[WhiteElo "2238"]
[BlackElo "1886"]
[PlyCount "53"]

1. c4 e5 2. Nc3 Nf6 3. g3 Nc6 4. Bg2 Bb4 5. d3 O-O 6. Bd2 Re8
7. e3 Bxc3 8. Bxc3 d5 9. cxd5 Nxd5 10. Qd2 Qd6 11. Nf3 Ndb4
12. Ke2 Bg4 13. h3 Bh5 14. a3 Na6 15. g4 Bg6 16. b4 Nd4+
17. Bxd4 exd4 18. e4 c5 19. b5 Nc7 20. a4 c4 21. Nh4 cxd3+
22. Qxd3 Nd5 23. Kf1 Nb4 24. Qa3 Qe7 25. Rb1 Nc2 26. Qxe7 Rxe7
27. Ke2 1-0